| 000 | 00439 a2200157 4500 | ||
|---|---|---|---|
| 999 |
_c6422 _d6422 |
||
| 020 | _a9780706998160 | ||
| 050 | _aZ693KUM2008 | ||
| 100 |
_akumar, Girja _eauthor |
||
| 245 |
_aTheory of Cataloguing / _cGirja Kumar and Krishan Kumar |
||
| 264 |
_aNew Delhi: _bVikas Publishing, _c2008 |
||
| 300 | _a384p. : | ||
| 500 | _aincludes index | ||
| 650 | _atheory of cataloguing | ||
| 700 |
_aKumar Krishan _eauthor |
||
| 942 |
_2lcc _cBK _h693 _iKUM _kZ |
||